000 00525nam a22001697a 4500
005 20251108164346.0
008 250721s1999 xx 000 0 ara d
082 1 4 _a701.18/جود
100 1 _aجودي، محمد حسين
245 1 0 _aآراء و أفكار جديده في الفن و تأصيل الهوية /
264 1 _aعمان :
_bدار صفاء للنشر و التوزيع،
_c1999.
300 _a118ص.
650 1 7 _aالفنون
650 1 7 _aالنقد الفني
942 _2ddc
_cBK
999 _c10234
_d10234